Kendrick Lamar Albums - Sudden Death - Statistics

General Stats
  • This quiz has been taken 87 times
  • The average score is 7 of 8
Answers on the Grid
Answers color-coded by a green-red scale on the quiz's grid according to % correct below.
The Melodic Blue
Circles
To Pimp A Butterfly
God Does Like Ugly
Mr. Morale & The Big Steppers
Because The Internet
Section.80
Overly Dedicated
Psychodrama
GNX
DAMN.
Born Sinner
The Boy Who Played the Harp
good kid, m.A.A.d city
Hurry Up Tommorow
untitled unmastered.
 
Answer Stats
Answer % Correct
DAMN.
97%
GNX
97%
good kid, m.A.A.d city
97%
To Pimp A Butterfly
97%
Mr. Morale & The Big Steppers
95%
Section.80
87%
untitled unmastered.
87%
Overly Dedicated
62%
No matching quizzes found
Score Distribution
Percent of People with Each Score
Percentile by Number Answered
Your Score History
You have not taken this quiz